| 000 | 00496nam a2200169 a 4500 | ||
|---|---|---|---|
| 001 | 000044588 | ||
| 005 | 20201002045501.0 | ||
| 008 | 140718s1992 nyuaf 000 0 spa d | ||
| 020 | _a0671456547 | ||
| 040 |
_aDO-SdBNP _bspa _cBNPHU |
||
| 082 |
_axxxx _bxxxx |
||
| 100 | 1 |
_aMcCullough, David G. _972618 |
|
| 245 | 1 | 0 |
_aTruman / _cDavid McCullough. |
| 260 |
_aNew York : _bTouchstone, _bSimon & Schuster, _c1992. |
||
| 300 |
_a1117 p. : _bil, làms. ; _c24 cm. |
||
| 504 | _aBibliography : p. 1058-1082 | ||
| 999 |
_c44077 _d44077 |
||